Jugadores que jugaron con Messi y Ronaldo - Estadísticas

Estadísticas generales
  • Esta prueba ha sido intentada 234 veces
  • La puntuación promedio es 11 de 26
Estadísticas de respuestas
Equipos Jugadores % Correcto
(Real Madrid y Argentina) Ángel Di María
95%
(Real Madrid y Argentina) Gonzalo Higuaín
78%
(PSG y Real Madrid) Sergio Ramos
78%
(Manchester United y Barcelona) Gerard Piqué
69%
(Manchester United y Argentina) Carlos Tévez
66%
(Juventus y Argentina) Paulo Dybala
64%
(PSG y Portugal) Vitinha
64%
(Manchester United y Argentina) Alejandro Garnacho
59%
(PSG y Portugal) Nuno Mendes
59%
(Manchester United y Argentina) Lisandro Martínez
49%
(Real Madrid y Argentina) Fernando Gago
46%
(Barcelona y Juventus) Miralem Pjanic
46%
(Barcelona y Portugal) Nélson Semedo
43%
(Barcelona y Portugal) Deco
41%
(PSG y Real Madrid) Achraf Hakimi
40%
(PSG y Real Madrid) Keylor Navas
39%
(Barcelona y Portugal) André Gomes
36%
(Al-Nassr y Argentina) Pity Martínez
35%
(Manchester United y Argentina) Gabriel Heinze
29%
(Barcelona y Juventus) Arthur Melo
28%
(PSG y Portugal) Danilo Pereira
25%
(Real Madrid y Argentina) Ezequiel Garay
22%
(Barcelona y Portugal) Francisco Trincao
17%
(PSG y Real Madrid) Pablo Sarabia
3%
(PSG y Portugal) Renato Sanches
3%
(Barcelona y Juventus) Martín Cáceres
1%
No se encontraron pruebas coincidentes
Distribución de puntuación
Porcentaje de gente con cada puntuación
Porcentaje por número respondido
Historial de tus puntuaciones
No has intentado esta prueba.